书目信息 |
| 题名: |
掌控谈话
|
|
| 作者: | 辉浩 编著 | |
| 分册: | ||
| 出版信息: | 石家庄 河北人民出版社 2020.04 |
|
| 页数: | 183页 | |
| 开本: | 20cm | |
| 丛书名: | ||
| 单 册: | ||
| 中图分类: | H019 | |
| 科图分类: | ||
| 主题词: | 语音学 | |
| 电子资源: | ||
| ISBN: | 978-7-202-14771-9 | |
| 000 | 00570nam0 2200205 450 | |
| 001 | 2453596356 | |
| 005 | 20241101145701.31 | |
| 010 | @a978-7-202-14771-9@dCNY35.00 | |
| 100 | @a20241101d2020 km y0chiy0120 ea | |
| 101 | 0 | @achi |
| 102 | @aCN@b130000 | |
| 200 | 1 | @a掌控谈话@AZhang Kong Tan Hua@f辉浩编著@FHui Hao Bian Zhu |
| 210 | @a石家庄@c河北人民出版社@d2020.04 | |
| 215 | @a183页@d20cm | |
| 510 | 1 | @a高情商谈话的策略和技巧 |
| 606 | 0 | @a语音学 |
| 690 | @aH019@v4 | |
| 701 | 0 | @a辉浩@AHui Hao@4编著 |
| 801 | 0 | @aCN@b河南城建学院图书馆@c20241101 |
| 905 | @dH019@eH941 | |
| 掌控谈话/辉浩编著.-石家庄:河北人民出版社,2020.04 |
| 183页;20cm |
| ISBN 978-7-202-14771-9:CNY35.00 |
| ● |
| 相关链接 |
|
|
|
正题名:掌控谈话
索取号:H019/H941
 
预约/预借
| 序号 | 登录号 | 条形码 | 馆藏地/架位号 | 状态 | 备注 |
| 1 | 1553734 | 215537346 | 语言库209/209语言库 63排2列2层/ [索取号:H019/H941] | 在馆 | |
| 2 | 1553735 | 215537355 | 语言库209/ [索取号:H019/H941] | 在馆 |